[Event "Wattens op 13th"]
[Site "Wattens"]
[Date "1998.??.??"]
[Round "7"]
[White "Delmarko, Dietmar"]
[Black "Hofmann, Bernhard"]
[Result "0-1"]
[WhiteElo "1700"]
[BlackElo "2090"]
[PlyCount "96"]
[EventDate "1998.??.??"]
[EventType "swiss"]
[EventRounds "9"]
[EventCountry "AUT"]
[SourceTitle "EXT 2000"]
[Source "ChessBase"]
[SourceDate "1999.11.16"]
[SourceVersion "1"]
[SourceVersionDate "1999.11.16"]
[SourceQuality "1"]

1. e4 d5 2. exd5 Qxd5 3. Nf3 Bg4 4. Be2 Nd7 5. d4 0-0-0 6. 0-0 Ngf6 7. Be3 e5 8. c4 Qa5 9. Nc3 exd4 10. Nxd4 Qh5 11. Qa4 Bd6 12. g3 Bxe2 13. Ncxe2 Ng4 14. h4 Nxe3 15. fxe3 Qg4 16. Qxa7 Bxg3 17. Rf3 Bd6+ 18. Kf1 Qxh4 19. Ng1 Bc5 20. Qa8+ Nb8 21. Rd1 Bxd4 22. exd4 Rxd4 23. Rxd4 Qxd4 24. Qa4 f6 25. Qc2 Rd8 26. Ne2 Qd1+ 27. Qxd1 Rxd1+ 28. Kf2 Nc6 29. Rh3 h6 30. Rg3 Rd7 31. Ke3 Ne5 32. b3 h5 33. Nf4 h4 34. Rh3 g5 35. Nd5 f5 36. Rh1 Rh7 37. Kf2 c6 38. Ne3 Ng4+ 39. Nxg4 fxg4 40. Rg1 Rf7+ 41. Kg2 g3 42. Kh3 Rf2 43. Kg4 Rh2 44. Kxg5 g2 45. Kg4 h3 46. Kg3 Rh1 47. Rxg2 hxg2 48. Kxg2 Ra1 0-1

[Event "Wattens op 13th"]
[Site "Wattens"]
[Date "1998.??.??"]
[Round "4"]
[White "Farago, Ivan"]
[Black "Hofmann, Bernhard"]
[Result "1-0"]
[WhiteElo "2530"]
[BlackElo "2090"]
[PlyCount "53"]
[EventDate "1998.??.??"]
[EventType "swiss"]
[EventRounds "9"]
[EventCountry "AUT"]
[SourceTitle "EXT 2000"]
[Source "ChessBase"]
[SourceDate "1999.11.16"]
[SourceVersion "1"]
[SourceVersionDate "1999.11.16"]
[SourceQuality "1"]

1. d4 Nf6 2. c4 g6 3. Nc3 d5 4. Nf3 Bg7 5. Qb3 c6 6. e3 0-0 7. Bd2 e6 8. Bd3 Nbd7 9. 0-0 dxc4 10. Qxc4 Nd5 11. e4 N5b6 12. Qb4 c5 13. dxc5 Nxc5 14. Be2 Nd3 15. Qb5 Ne5 16. Bg5 Nxf3+ 17. Bxf3 Bd7 18. Qa5 Qc7 19. Bh4 Rfc8 20. Bg3 Qc4 21. Rac1 Rc5 22. Qa3 Bf8 23. b4 Rcc8 24. Nd5 Qd4 25. Rcd1 Qg7 26. Nc7 Rxc7 27. Bxc7 1-0

[Event "Wattens op 12th"]
[Site "Wattens"]
[Date "1997.??.??"]
[Round "?"]
[White "Hofmann, Bernhard"]
[Black "Aigner, Matthias"]
[Result "1-0"]
[WhiteElo "2095"]
[BlackElo "1725"]
[PlyCount "69"]
[EventDate "1997.??.??"]
[EventType "swiss"]
[EventRounds "9"]
[EventCountry "AUT"]
[SourceTitle "EXT 2000"]
[Source "ChessBase"]
[SourceDate "1999.11.16"]
[SourceVersion "1"]
[SourceVersionDate "1999.11.16"]
[SourceQuality "1"]

1. d4 d5 2. e4 e6 3. Nd2 Nf6 4. e5 Nfd7 5. Ngf3 c5 6. c3 Nc6 7. Be2 Be7 8. 0-0 g5 9. Nb3 g4 10. Ne1 h5 11. f3 g3 12. h3 c4 13. Nd2 Nf8 14. f4 h4 15. Ndf3 Qc7 16. b3 Na5 17. Ng5 Bxg5 18. fxg5 Ng6 19. Bh5 b6 20. Qf3 Rg8 21. Bxg6 fxg6 22. Ba3 Qg7 23. Qg4 Bd7 24. b4 Nc6 25. b5 Ne7 26. Bxe7 Qxe7 27. a4 a6 28. bxa6 Rxa6 29. Rf6 Kd8 30. Nc2 Kc7 31. Nb4 Ra5 32. Raf1 Rxa4 33. Rf7 Qe8 34. Qxh4 Ra1 35. Rxd7+ 1-0

[Event "Wattens op 12th"]
[Site "Wattens"]
[Date "1997.??.??"]
[Round "?"]
[White "Hofmann, Bernhard"]
[Black "Feiersinger, Gerhard"]
[Result "1-0"]
[WhiteElo "2095"]
[BlackElo "1690"]
[PlyCount "53"]
[EventDate "1997.??.??"]
[EventType "swiss"]
[EventRounds "9"]
[EventCountry "AUT"]
[SourceTitle "EXT 2000"]
[Source "ChessBase"]
[SourceDate "1999.11.16"]
[SourceVersion "1"]
[SourceVersionDate "1999.11.16"]
[SourceQuality "1"]

1. b4 e5 2. Bb2 d6 3. e3 Be6 4. Nf3 e4 5. Nd4 Qd7 6. Nxe6 Qxe6 7. c4 Nd7 8. Nc3 c6 9. Qc2 Ngf6 10. d3 exd3 11. Bxd3 g6 12. 0-0 Bg7 13. Ne2 0-0 14. Rfd1 Rad8 15. b5 Ne5 16. bxc6 bxc6 17. Nf4 Qc8 18. Bf1 Rfe8 19. Bd4 c5 20. Bc3 g5 21. Nd5 Nxd5 22. Rxd5 Re6 23. Rad1 Rh6 24. Ba1 Qg4 25. Bxe5 Bxe5 26. Rxe5 Qh4 27. h3 1-0

[Event "Wattens op 11th"]
[Site "Wattens"]
[Date "1996.??.??"]
[Round "3"]
[White "Feiersinger, Gerhard"]
[Black "Hofmann, Bernhard"]
[Result "0-1"]
[WhiteElo "1690"]
[BlackElo "1935"]
[PlyCount "90"]
[EventDate "1996.??.??"]
[EventType "swiss"]
[EventRounds "9"]
[EventCountry "AUT"]
[SourceTitle "EXT 2000"]
[Source "ChessBase"]
[SourceDate "1999.11.16"]
[SourceVersion "1"]
[SourceVersionDate "1999.11.16"]
[SourceQuality "1"]

1. e4 c5 2. Nf3 e6 3. Nc3 Nc6 4. d4 cxd4 5. Nxd4 Nf6 6. Nxc6 bxc6 7. Bd3 d5 8. exd5 cxd5 9. 0-0 Be7 10. Bf4 0-0 11. Re1 Qb6 12. Be5 Ba6 13. Re3 Bxd3 14. Qxd3 Ng4 15. Bd4 Qd6 16. Rh3 f5 17. f3 Ne5 18. Qe2 Ng6 19. Qe1 e5 20. Bf2 Nf4 21. Rg3 Bh4 22. Rxg7+ Kxg7 23. Bxh4 Ng6 24. Bf2 d4 25. Ne2 Rab8 26. b3 Rbc8 27. Qd2 Qa3 28. f4 Qb2 29. Rc1 d3 30. Qxd3 Nxf4 31. Qg3+ Ng6 32. h4 Rxc2 33. Rxc2 Qxc2 34. h5 Qxe2 35. hxg6 hxg6 36. Bxa7 Qd1+ 37. Kf2 Qd2+ 38. Kf1 Qd1+ 39. Kf2 Qc2+ 40. Kf1 Qb1+ 41. Qe1 Qxe1+ 42. Kxe1 Ra8 43. Bc5 Rxa2 44. Kf1 Kf6 45. b4 Ke6 0-1

[Event "Wattens op 11th"]
[Site "Wattens"]
[Date "1996.??.??"]
[Round "8"]
[White "Hillgarter, Erik"]
[Black "Hofmann, Bernhard"]
[Result "0-1"]
[WhiteElo "1795"]
[BlackElo "1935"]
[PlyCount "44"]
[EventDate "1996.??.??"]
[EventType "swiss"]
[EventRounds "9"]
[EventCountry "AUT"]
[SourceTitle "EXT 2000"]
[Source "ChessBase"]
[SourceDate "1999.11.16"]
[SourceVersion "1"]
[SourceVersionDate "1999.11.16"]
[SourceQuality "1"]

1. e4 c5 2. c3 e5 3. d4 exd4 4. cxd4 cxd4 5. Qxd4 Nc6 6. Qa4 Nf6 7. Nf3 Bb4+ 8. Bd2 Qe7 9. Bd3 Nxe4 10. 0-0 Nxd2 11. Nbxd2 0-0 12. Ne4 d5 13. Neg5 h6 14. Nh7 Rd8 15. a3 Bd6 16. Rfe1 Be6 17. Rxe6 Qxe6 18. Re1 Qd7 19. Qh4 Re8 20. Rf1 Ne5 21. Nxe5 Bxe5 22. g4 g6 0-1

[Event "Wattens op 11th"]
[Site "Wattens"]
[Date "1996.??.??"]
[Round "1"]
[White "Hofmann, Bernhard"]
[Black "Mueller, Heinz"]
[Result "1/2-1/2"]
[WhiteElo "1935"]
[BlackElo "2235"]
[PlyCount "70"]
[EventDate "1996.??.??"]
[EventType "swiss"]
[EventRounds "9"]
[EventCountry "AUT"]
[SourceTitle "EXT 2000"]
[Source "ChessBase"]
[SourceDate "1999.11.16"]
[SourceVersion "1"]
[SourceVersionDate "1999.11.16"]
[SourceQuality "1"]

1. d4 g6 2. e4 Bg7 3. Be3 c6 4. c3 d5 5. e5 Nh6 6. Bd3 Nf5 7. Bxf5 Bxf5 8. Nf3 Nd7 9. 0-0 f6 10. exf6 exf6 11. Re1 0-0 12. Nbd2 Re8 13. Nf1 g5 14. h4 h6 15. hxg5 hxg5 16. N3h2 Nb6 17. b3 Qd7 18. f4 gxf4 19. Bxf4 Rxe1 20. Qxe1 Re8 21. Qf2 Bg6 22. Ne3 Qf7 23. Nhg4 Be4 24. Bh6 Qg6 25. Bxg7 Kxg7 26. Rf1 Rf8 27. Nf5+ Bxf5 28. Qxf5 Qxf5 29. Rxf5 Nd7 30. Rf3 Re8 31. Re3 Re4 32. Rxe4 dxe4 33. Ne3 Kg6 34. Kf2 f5 35. g3 Nf6 1/2-1/2

[Event "Wattens op 10th"]
[Site "Wattens"]
[Date "1995.??.??"]
[Round "?"]
[White "Hofmann, Bernhard"]
[Black "Mueller, Georg"]
[Result "1-0"]
[WhiteElo "1895"]
[BlackElo "2080"]
[PlyCount "53"]
[EventDate "1995.??.??"]
[EventType "swiss"]
[EventRounds "9"]
[EventCountry "AUT"]
[SourceTitle "EXT 2000"]
[Source "ChessBase"]
[SourceDate "1999.11.16"]
[SourceVersion "1"]
[SourceVersionDate "1999.11.16"]
[SourceQuality "1"]

1. b4 c6 2. Nf3 a5 3. bxa5 Qxa5 4. e3 Nf6 5. Be2 e5 6. 0-0 Be7 7. Bb2 d6 8. d4 exd4 9. exd4 0-0 10. c4 d5 11. Nbd2 Be6 12. Ne5 Qc7 13. c5 Nbd7 14. f4 Nxc5 15. dxc5 Bxc5+ 16. Kh1 Bf5 17. Bd3 Ne4 18. Nxe4 dxe4 19. Bc4 b5 20. Bb3 Bb6 21. Qh5 Be6 22. Bxe6 fxe6 23. Qg4 Rf6 24. Rfd1 Rd8 25. Rxd8+ Qxd8 26. Nxc6 Rg6 27. Qxg6 1-0

[Event "Wattens op 10th"]
[Site "Wattens"]
[Date "1995.??.??"]
[Round "?"]
[White "Lawitsch, Guenther"]
[Black "Hofmann, Bernhard"]
[Result "1/2-1/2"]
[WhiteElo "2205"]
[BlackElo "1895"]
[PlyCount "63"]
[EventDate "1995.??.??"]
[EventType "swiss"]
[EventRounds "9"]
[EventCountry "AUT"]
[SourceTitle "EXT 2000"]
[Source "ChessBase"]
[SourceDate "1999.11.16"]
[SourceVersion "1"]
[SourceVersionDate "1999.11.16"]
[SourceQuality "1"]

1. e4 c5 2. Nc3 Nc6 3. f4 e6 4. Bc4 Nge7 5. Nf3 d5 6. Bb5 a6 7. Bxc6+ Nxc6 8. d3 Be7 9. 0-0 0-0 10. Qe1 Nd4 11. Qf2 dxe4 12. dxe4 Qc7 13. Be3 Nxf3+ 14. Qxf3 Bd7 15. f5 Bf6 16. Bf4 Be5 17. Qg3 Bxf4 18. Rxf4 exf5 19. exf5 f6 20. Nd5 Qe5 21. Qb3 Kh8 22. Raf1 Bc6 23. Ne3 Rad8 24. Nc4 Qe2 25. Qh3 Rd4 26. Rxd4 cxd4 27. Na3 Re8 28. Qg3 Re3 29. Qb8+ Re8 30. Qg3 Re3 31. Qb8+ Re8 32. Qg3 1/2-1/2

[Event "Hradec Kralove op"]
[Site "Hradec Kralove"]
[Date "1994.??.??"]
[Round "2"]
[White "Dubansky, Bohuslav"]
[Black "Hofmann, Bernhard"]
[Result "0-1"]
[WhiteElo "1980"]
[BlackElo "1825"]
[PlyCount "46"]
[EventDate "1994.??.??"]
[EventType "swiss"]
[EventRounds "9"]
[EventCountry "CZE"]
[SourceTitle "EXT 1999"]
[Source "ChessBase"]
[SourceDate "1998.11.16"]
[SourceVersion "1"]
[SourceVersionDate "1998.11.16"]
[SourceQuality "1"]

1. e4 c5 2. d4 cxd4 3. c3 d5 4. Qxd4 dxe4 5. Qxd8+ Kxd8 6. Bc4 f5 7. Nh3 Nc6 8. Ng5 Nh6 9. 0-0 e5 10. b4 Ke8 11. Na3 Bd7 12. Rd1 Rc8 13. Rxd7 Kxd7 14. Be6+ Kc7 15. Bxc8 Kxc8 16. Nc4 b5 17. Ne3 Be7 18. Ne6 g6 19. a4 bxa4 20. Nd5 Nf7 21. Rxa4 Kd7 22. Nxe7 Kxe7 23. Ng5 Rd8 0-1

[Event "Wattens op 09th"]
[Site "Wattens"]
[Date "1994.??.??"]
[Round "6"]
[White "Grab, Ratko"]
[Black "Hofmann, Bernhard"]
[Result "0-1"]
[WhiteElo "1980"]
[BlackElo "1830"]
[PlyCount "110"]
[EventDate "1994.??.??"]
[EventType "swiss"]
[EventRounds "9"]
[EventCountry "AUT"]
[SourceTitle "EXT 2000"]
[Source "ChessBase"]
[SourceDate "1999.11.16"]
[SourceVersion "1"]
[SourceVersionDate "1999.11.16"]
[SourceQuality "1"]

1. Nf3 d5 2. g3 Nf6 3. Bg2 Bf5 4. c4 e6 5. 0-0 Be7 6. Qb3 Qc8 7. Nc3 c6 8. d3 0-0 9. Nh4 Bg4 10. Nf3 Nbd7 11. e4 Nc5 12. Qc2 dxe4 13. dxe4 Bxf3 14. Bxf3 e5 15. Be3 Rd8 16. a3 Ne6 17. Rad1 Qc7 18. b4 a5 19. Qb2 axb4 20. axb4 Nd7 21. Bg4 Ndf8 22. c5 Bf6 23. Rxd8 Rxd8 24. Na4 Bg5 25. Nb6 Bxe3 26. fxe3 f6 27. Nc4 Kh8 28. Qb3 Qe7 29. Nd6 Ra8 30. Rd1 Rd8 31. Ra1 g6 32. Ra7 Rb8 33. Qc4 Nd8 34. b5 Qg7 35. b6 Qh6 36. Qb3 Qg7 37. Qa2 Qh6 38. Qf2 Qg7 39. Ne8 Qe7 40. Qxf6+ Qxf6 41. Nxf6 Nf7 42. Be2 Ng5 43. Bc4 Kg7 44. Ne8+ Rxe8 45. Rxb7+ Kh6 46. Rc7 Nxe4 47. Rxc6 Nd7 48. Bb5 Rb8 49. Ba6 Nexc5 50. Bc8 Rxb6 51. Rc7 Rd6 52. Kg2 Kg5 53. e4 Kf6 54. h4 Ke7 55. Kf3 Kd8 0-1

[Event "Wattens op 09th"]
[Site "Wattens"]
[Date "1994.??.??"]
[Round "4"]
[White "Hofmann, Bernhard"]
[Black "Spiegel, Wilfried"]
[Result "0-1"]
[WhiteElo "1830"]
[BlackElo "2210"]
[PlyCount "62"]
[EventDate "1994.??.??"]
[EventType "swiss"]
[EventRounds "9"]
[EventCountry "AUT"]
[SourceTitle "EXT 2000"]
[Source "ChessBase"]
[SourceDate "1999.11.16"]
[SourceVersion "1"]
[SourceVersionDate "1999.11.16"]
[SourceQuality "1"]

1. e4 e6 2. d4 d5 3. Nd2 c5 4. exd5 exd5 5. Bb5+ Nc6 6. Qe2+ Be7 7. dxc5 Nf6 8. Ngf3 0-0 9. 0-0 Bxc5 10. Nb3 Bb6 11. Bg5 Qd6 12. Bxc6 bxc6 13. Qe5 Qxe5 14. Nxe5 Ne4 15. Bh4 c5 16. Nc6 Bb7 17. Nba5 Ba6 18. Rfe1 g5 19. Bg3 Rfe8 20. Rad1 d4 21. Nb3 Nxg3 22. hxg3 Kf8 23. Ne5 Bb5 24. Nd2 Ba5 25. b3 Rad8 26. Nd3 Rxe1+ 27. Nxe1 Be2 28. Nc4 Bxd1 29. Nxa5 Re8 30. Kf1 Be2+ 31. Kg1 Bb5 0-1

[Event "Hradec Kralove op"]
[Site "Hradec Kralove"]
[Date "1994.??.??"]
[Round "3"]
[White "Hofmann, Bernhard"]
[Black "Vavra, Pavel"]
[Result "0-1"]
[WhiteElo "1820"]
[BlackElo "2215"]
[PlyCount "72"]
[EventDate "1994.??.??"]
[EventType "swiss"]
[EventRounds "9"]
[EventCountry "CZE"]
[SourceTitle "EXT 1999"]
[Source "ChessBase"]
[SourceDate "1998.11.16"]
[SourceVersion "1"]
[SourceVersionDate "1998.11.16"]
[SourceQuality "1"]

1. e4 c5 2. Nc3 Nc6 3. Nge2 e6 4. d4 cxd4 5. Nxd4 a6 6. Be3 Qc7 7. Be2 Nf6 8. 0-0 Be7 9. Qd2 0-0 10. f4 d6 11. Bf3 Bd7 12. Rad1 Nxd4 13. Bxd4 Bc6 14. Kh1 Rfd8 15. Qf2 Nd7 16. Qg3 e5 17. Be3 exf4 18. Bxf4 Ne5 19. Bh5 g6 20. Bg4 b5 21. Nd5 Bxd5 22. exd5 Nxg4 23. Qxg4 Qxc2 24. Bh6 f5 25. Qd4 Bf8 26. Bg5 Re8 27. Rc1 Qe2 28. Qh4 Re4 29. Rfe1 Qxe1+ 30. Qxe1 Rxe1+ 31. Rxe1 h6 32. Bf6 Kf7 33. Bc3 Re8 34. Rf1 Bg7 35. Bb4 Bxb2 36. g4 Re4 0-1